000 00309nam a22001217a 4500
008 260423b |||||||| |||| 00| 0 eng d
082 _a001274
100 _aJain, Rajendra C
245 _aWord World Potency and Meaning
260 _aDelhi
_bNew Bharatiya Book Corporation
_c2020
300 _a62p
942 _2ddc
999 _c1277
_d1277